Monte-Carlo (Record no. 45294)

MARC details
000 -Etiqueta do registo
Valores 00374nam a2200157 4500
100 ## - Dados gerais de processamento
Dados gerais 20251211 pory50
101 ## - Língua de publicação
Língua por
102 ## - País de publicação
País PT
200 ## - Titulo e menção de responsabilidade
Título próprio Monte-Carlo
Primeira menção de responsabilidade Édouard de Keyser
210 ## - Publicação
Local de publicação Porto
Nome do editor Editorial «O Primeiro de Janeiro»
Data de publicação 1948
215 ## - Descrição física 
Paginação / Volumes 220 p.
675 ## - CDU
Notação 821.133.1(493)-31
801 ## - Fonte de origem
País PT
Regras de catalogação RPC
990 ## - Elementos KOHA
Tipo de documento Livro
Holdings
Aquisição Empréstimo Código de barras Cota Permissão de empréstimo Tipo de documento
Biblioteca Municipal de Redondo Biblioteca Municipal de Redondo 056019 821.133.1(493)-3 KEY   Livro

Powered by Koha